LEADER 01492nam0 22003493i 450 001 MIL0143659 005 20251003044226.0 020 $aIT$b797497 100 $a20190412d1979 ||||0itac50 ba 101 | $aita 102 $ait 181 1$6z01$ai $bxxxe 182 1$6z01$an 183 1$6z01$anc$2RDAcarrier 200 1 $aAutonomia privata e controllo pubblico nel rapporto di locazione$elinee di una vicenda$fBruno Inzitari 210 $aNapoli$cE. Jovene$d1979 215 $aXIX, 274 p.$d24 cm. 225 | $aBiblioteca di diritto privato$v9 410 0$1001CFI0012853$12001 $aBiblioteca di diritto privato$v9 606 $aLocazione$2FIR$3CFIC076964$9I 606 $aLocazione$2FIR$3CFIC076964$9I 676 $a346.45043$9DIRITTO DELLA PROPRIETA. BENI IMMOBILI. Italia$v22 700 1$aInzitari$b, Bruno$3CFIV091097$4070$0230321 801 3$aIT$bIT-000000$c20190412 850 $aIT-BN0095 $aIT-NA0079 901 $bNAP 01$cD $n$ 901 $bNAP BN$cB $nComprende volumi con collocazioni per formato catalogati prima del 1987. La consegna del doc. é effettuata dall'Uff. Distribuzione. 912 $aMIL0143659 950 0$aBiblioteca Centralizzata di Ateneo$c1 v.$d 01D (AR) 23 663$e 01AR 0700236635 VMA 1 v.$fY $h19981020$i20200116 977 $a 01$a BN 996 $aAutonomia privata e controllo pubblico nel rapporto di locazione$9689743 997 $aUNISANNIO LEADER 01351nas 2200433 c 450 001 9910896251203321 005 20260218110541.0 035 $a(CKB)5280000000203715 035 $a(DE-101)1143848055 035 $a(DE-599)ZDB2910764-7 035 $a(DE-599)2910764-7 035 $a(EXLCZ)995280000000203715 100 $a20171109a20069999 |y | 101 0 $aeng 135 $aur||||||||||| 181 $ctxt$2rdacontent 182 $cc$2rdamedia 183 $acr$2rdacarrier 200 00$aThailand MICS$emultiple indicator cluster survey : final report : MICS$fNational Statistical Office Thailand, National Health Security Office, UNICEF 210 31$aBangkok$cNational Statistical Office$dFebruary 2006- 215 $aOnline-Ressource 300 $aHerausgebende Organe variieren 517 $aThailand MICS 517 1 $aMonitoring the situation of children and women 517 1 $aThailand multiple indicator cluster 608 $aZeitschrift$2gnd-content 676 $a310 676 $a330 676 $a610 712 02$aThailand$bSamnaknga?n sathiti hæ?ng cha?t$4isb 712 02$aNational Health Security Office$4isb 712 02$aUNICEF$4isb 801 0$b0206 801 1$bDE-101 801 2$b9001 906 $aJOURNAL 912 $a9910896251203321 996 $aThailand MICS$94227983 997 $aUNINA